Sentino - Najpopularniejsze piosenki (2025) - Statystyki

Ogólne statystyki
  • Ten quiz został rozwiązany 100 razy
  • Średni wynik to 20 z 60
Statystyki odpowiedzi
ODTWORZENIA NAZWA PIOSENKI % Poprawnych
37.6m Casablanca
86%
41.8m Lato
85%
15.1m Marbella
75%
23.5m Wiecznie
75%
32.6m Vitalyi
69%
19m Midas
64%
17.1m Kosmos
59%
16.8m Pistolet
59%
30m Rio
59%
14.4m Tatuażyk
58%
4.5m Dylemat
56%
13.5m Skandal
54%
36.5m Trójkąt Bermudzki
51%
11.9m Zapytaj o Mnie
51%
24.7m Powww!
49%
10.2m Skąd Ty To Znasz
47%
4.3m Złodziej z Telewizji
44%
5.4m Ocean Beach
42%
2.5m TRUMP
39%
16.4m Algeciras
36%
7m Sicario
34%
7.3m Helikopter nad blokiem
32%
3.7m Liczę Ten Hajs
32%
4.2m Rysy na Rolexie
32%
7m Biznesmenel
31%
3.7m Parę Klocków
31%
3.7m Tabu
31%
4.3m LOST
29%
3.5m Nóż we Krwi
29%
3.1m BARRIO
27%
4.3m MAI TAI
27%
4.9m Parę Kulek
27%
3.5m RATATATA
27%
2.1m LEGEND
25%
2.8m ZDROWIA
24%
3.3m Ciroc
22%
6m Remy Martin
22%
4.4m Różowy Pył
22%
2.8m Halo Policja
20%
3.3m Milioner
20%
4m Ta droga
20%
2m Bańka
19%
4.4m La Linea
19%
2.2m Megalomania
19%
6m Życie które Znam
19%
5m 45
17%
3.4m CASABLANCA REMIX
17%
3.1m Kokaina
17%
2.6m Azrael
15%
8.4m Brak Słów
15%
2.6m Kolekcja setek masek
15%
2.2m Dwusetki
14%
2.1m Fame
14%
3m Hurra!!!
14%
3.7m Światła Neon
14%
2.2m Chciała być ze mną
12%
2.4m Nie Płacz Za Mną
12%
2.2m Czary Mary
10%
2.2m Ekstaza
8%
2.5m Il DUCE
8%
Nie znaleziono quizów pasujących do podanych kryteriów
Rozkład punktacji
Procent ludzi z każdym wynikiem
Percentyl według liczby udzielonych odpowiedzi
Twoja historia wyników
Nie rozwiązałeś tego quizu